ز ا و يہء نگا ہ (Record no. 166723)

MARC details
000 -LEADER
fixed length control field 00619nam a22001937a 4500
005 - DATE AND TIME OF LATEST TRANSACTION
control field 20190806155838.0
010 ## - LCCN (DPL NO)
LC control number UR-10345
020 ## - INTERNATIONAL STANDARD BOOK NUMBER
Terms of availability 250.00
International Standard Book Number 818889141-X
035 ## - SYSTEM CONTROL NUMBER
System control number U-8900
037 ## - SOURCE OF ACQUISITION
Source of stock number/acquisition DBAD/PUB
082 ## - DEWEY DECIMAL CLASSIFICATION NUMBER
Classification number 840.1
100 ## - MAIN ENTRY--PERSONAL NAME
Personal name ايم اے قد ير
245 ## - TITLE STATEMENT
Title ز ا و يہء نگا ہ
Statement of responsibility, etc ايم اے قد ير
246 ## - VARYING FORM OF TITLE
Remainder of title Zaviye Nighah (Urdu)
Title proper/short title by M.A.Qadeer
260 ## - PUBLICATION, DISTRIBUTION, ETC. (IMPRINT)
Place of publication, distribution, etc Delhi
Name of publisher, distributor, etc Darul Eshaat-e-Mustafai
Date of publication, distribution, etc 2019 ء
270 ## - ADDRESS
Address 3191,Gali Vakil,Kucha Pandit Lal Kuan,
City Delhi
Postal code 110006
Telephone number 23216162
Fax number -
300 ## - PHYSICAL DESCRIPTION
Extent 184 ص
Dimensions 22 Cm(Hb)
942 ## - ADDED ENTRY ELEMENTS (KOHA)
Source of classification or shelving scheme Dewey Decimal Classification
Item type Urdu Bks
Classification part 840.1
Call number suffix ق د ی
Holdings
Withdrawn status Lost status Not for loan Collection code Home library Current library Date acquired Source of acquisition Cost, normal purchase price Full call number Barcode Copy number Cost, replacement price Koha item type
    Not For Loan Non-fiction D.B.Act.Division D.B.Act.Division 06/08/2019 DBAD/PUB 250.00 840.1 ق د ی U-8900 1 250.00 Urdu Bks

© Delhi Public Library
Hit Counter
free hit counter